10 Nordligaste huvudstäder i Europa - Statistics

General Stats
  • This quiz has been taken 382 times
  • The average score is 7 of 10
Answer Stats
Latitud Huvudstad % Correct
59°95'N Oslo
96%
59.32'N Stockholm
95%
60°17'N Helsingfors
89%
63°14'N Reykjavík
81%
55°67'N Köpenhamn
73%
55°75'N Moskva
72%
56°93'N Riga
67%
59°43'N Tallinn
60%
54°68'N Vilnius
53%
53°54'N Minsk
36%
No matching quizzes found
Score Distribution
Percent of People with Each Score
Percentile by Number Answered
Your Score History
You have not taken this quiz